Statistics for Animal Anatomy Quiz

Click here to take the quiz!

General Stats

  • This quiz has been taken 55,855 times
    (41,075 since last reset)
  • The average score is 13 of 20

Answer Stats

DefinitionBody Part% Correct
Long nose of an elephantTrunk
98%
Fish's breathing organGill
93%
Horse footHoof
90%
Horse's neck hairMane
90%
Front of a pig's faceSnout
90%
Fish appendage, used to propel itselfFin
85%
Milk producing organ of a cowUdder
84%
Long, pointed tooth of a snakeFang
77%
Insect feeler organAntenna
73%
Marsupial pocketPouch
71%
Bird's clawTalon
71%
A squid has 8 arms and two of theseTentacles
71%
Outer shell of an insect or crustaceanExoskeleton
49%
The middle of three insect body sectionsThorax
49%
Needle-like spine used for
porcupine defense
Quill
47%
Arthropod's clawPincer
42%
Flattened limb used for swimming by
penguins, turtles, whales, and dolphins
Flipper
40%
Bird organ that grinds ingested foodGizzard
39%
The loose skin that hangs from
a turkey's neck
Wattle
25%
Upper section of a crustacean's
outer shell
Carapace
17%

Score Distribution

Percentile by Number Answered

Percent of People with Each Score

Your Score History

You have not taken this quiz since the last reset